| 000 | 00551nam a2200133Ia 4500 | ||
|---|---|---|---|
| 008 | 171207s9999 xx 000 0 und d | ||
| 100 | _aBlicher, Shira | ||
| 245 | 4 | _aThe Role of Trait Anxiety and Preoccupation With Reading Disabilities of Children and Their Mothers in Predicting Children’s Reading Comprehension | |
| 245 | _cShira Blicher, Liat Feingold, Michal Shany | ||
| 260 | _c2017 | ||
| 300 | _apages 309–321, May/June 2017 | ||
| 440 |
_aJournal of Learning Disabilities _v50:3 |
||
| 650 | _aREADING COMPREHENSION, ANXIETY, PREOCCUPATION | ||
| 999 |
_c347515 _d347515 |
||